000 00572nam a2200229Ia 4500
003 OSt
005 20220923211737.0
006 a|||||r|||| 00| 0
007 ta
008 Pun
024 _a43,928
037 _cTextual
040 _aARTS
_cARTS
_bPun
041 _2Pun
_aPun
082 _aO153,6N05x, H9
100 _aਸਿੰਘ, ਸੋਹਣ
245 0 _aਮਾਨਸਰੋਵਰ
260 _c1949
650 _aਪੰਜਾਬੀ ਸਾਹਿਤ
942 _hO153,6N05x, H9
_cTEXL
_2CC
999 _c303081
_d303081